00269nam a22000977a 4500040000900000082001500009100002300024245004300047260003800090650004300128 cNust a519.4bMUH aDr. Muhammad Iqbal aAn introduction to numerical analysis  aLahore:bILMI Kitab khana,c1998. aAn introduction to numerical analysis